|
|
|
|
| LEADER |
00000cam a2200000 i 4500 |
| 001 |
1/88111 |
| 008 |
960222s1983 gre d |
| 035 |
|
|
|l 10035418
|
| 040 |
|
|
|a GR-MY-UA
|b gre
|e aacr
|
| 041 |
0 |
|
|a gre
|
| 082 |
0 |
|
|a 306.209495
|
| 100 |
1 |
|
|a Τσουκαλάς, Κωνσταντίνος
|d 1937-
|
| 245 |
1 |
0 |
|a Κοινωνική ανάπτυξη και κράτος :
|b η συγκρότηση του δημόσιου χώρου στην Ελλάδα /
|c Κωνσταντίνος Τσουκαλάς
|
| 250 |
|
|
|a 2η έκδ.
|
| 260 |
|
|
|a Αθήνα :
|b Θεμέλιο,
|c c1983, 1986
|
| 300 |
|
|
|a 365 σ.
|
| 650 |
0 |
0 |
|a Civil service
|z Greece.
|
| 650 |
0 |
0 |
|a State, The.
|
| 651 |
|
0 |
|a Greece
|x Social conditions.
|
| 651 |
|
0 |
|a Greece
|x Politics and government.
|
| 852 |
|
|
|a INST
|b CHIOS
|e 19960403
|h 306.209495 ΤΣΟ
|p 005200006160
|q 005200006160
|t BK
|y 0
|
| 852 |
|
|
|a INST
|b CHIOS
|e 19960222
|h 306.209495 ΤΣΟ
|p 005200006161
|q 005200006161
|t BK
|y 0
|
| 852 |
|
|
|a INST
|b CHIOS
|e 20030829
|h 306.209495 ΤΣΟ
|p 005200013760
|q 005200013760
|t BK
|y 0
|
| 852 |
|
|
|a INST
|b RHODES
|e 19960705
|h 306.209495 ΤΣΟ
|p 005400007831
|q 005400007831
|t BK
|y 0
|
| 852 |
|
|
|a INST
|b RHODES
|e 19960705
|h 306.209495 ΤΣΟ
|p 005400007878
|q 005400007878
|t BK
|y 0
|
| 909 |
|
|
|a Ρ
|b 003410
|c 1986
|
| 909 |
|
|
|a Ρ
|b 006476
|c 1987
|
| 909 |
|
|
|a Χ
|b 008575
|
| 909 |
|
|
|a Χ
|b 001916
|
| 909 |
|
|
|a Χ
|b 100243
|